Questionnaire à choix multiple Culture Générale #2 - Statistiques

Statistiques générales
  • Ce quiz a été pris 30 fois
  • Le résultat moyen est 4 sur 15
Statistiques - réponses
Question Réponse % Correct
Laquelle de ces choses sur le jeu vidéo Prodeus est fausse ? Il a été développé par ID Software
60%
En quelle année a été fondée la Ligue des chefs de section ? 1919
40%
De quelle nationalité est Seppo Suoraniemi ? Finlande
40%
Comment s’appelle le onzième album du groupe Paradise Lost ? In Requiem
40%
Dans quel département est situé l’Arc de Germanicus ? La Charente
40%
De quel prédateur le Dinictis était-il un ancêtre ? Le tigre
40%
Laquelle de ces villes est Polonaise ? Podgórze
40%
Comment s’appelait le fondateur de l’entreprise Fléchard ? Roland Fléchard
40%
Lequel de ces Comics existe ? Batman : Le Fils du Démon
20%
Qu’est-ce que Haworthia ? Une plante
20%
De quoi Interplay Productions s’est basé pour créer le jeu vidéo Neuromancer ? Un roman
20%
Dans quel comté Britannique est situé le village de Friday Bridge ? Cambridgeshire
0%
Qui est le maire de Thal-Drulingen ? Frédy Bach
0%
Dans quel département est situé Le Quesnel-Aubry ? L’Oise
0%
Où s’est déroulé l’opération Gardien de la Prospérité ? Mer Rouge
0%
Aucun quiz correspondant
Distribution des résultats
% des personnes avec chaque résultat
Percentile par nombre de réponses
Votre historique - résultats
Vous n’avez pas pris ce quiz